[Event "Nuremberg-ch op 05th"]
[Site "Nuremberg"]
[Date "2005.05.08"]
[Round "5"]
[White "Hein, Sebastian"]
[Black "Gallardo Gonzalez, Antonio"]
[Result "1-0"]
[WhiteElo "1587"]
[BlackElo "1384"]
[PlyCount "55"]
[EventDate "2005.05.06"]
[EventType "swiss"]
[EventRounds "5"]
[EventCountry "GER"]
[SourceTitle "EXT 2007"]
[Source "ChessBase"]
[SourceDate "2006.11.23"]
[SourceVersion "1"]
[SourceVersionDate "2006.11.23"]
[SourceQuality "1"]

1. d4 d5 2. c4 Nf6 3. Nc3 e6 4. Nf3 b6 5. e3 Be7 6. Bd3 Nbd7 7. 0-0 Bb7 8. cxd5 Nxd5 9. Re1 0-0 10. e4 Nxc3 11. bxc3 c5 12. Bb2 Rc8 13. Rc1 Re8 14. Qc2 cxd4 15. Nxd4 Nc5 16. Re3 e5 17. Nf5 Bg5 18. Rg3 g6 19. Qe2 Bxc1 20. Bxc1 Ne6 21. Qf3 Rxc3 22. Nh6+ Kh8 23. Nxf7+ Kg7 24. Bh6+ Kg8 25. Nxd8 Rxd8 26. Qf6 Re8 27. Rf3 Nf4 28. Qg7# 1-0

[Event "Nuremberg-ch op 05th"]
[Site "Nuremberg"]
[Date "2005.05.06"]
[Round "1"]
[White "Gallardo Gonzalez, Antonio"]
[Black "Noeckler, Alexander"]
[Result "0-1"]
[WhiteElo "1384"]
[BlackElo "1814"]
[PlyCount "72"]
[EventDate "2005.05.06"]
[EventType "swiss"]
[EventRounds "5"]
[EventCountry "GER"]
[SourceTitle "EXT 2007"]
[Source "ChessBase"]
[SourceDate "2006.11.23"]
[SourceVersion "1"]
[SourceVersionDate "2006.11.23"]
[SourceQuality "1"]

1. e4 c5 2. Nf3 d6 3. Nc3 Nf6 4. d4 cxd4 5. Nxd4 a6 6. Be2 e6 7. 0-0 Be7 8. Kh1 0-0 9. f4 Qc7 10. Be3 Bd7 11. Rc1 b5 12. Bf3 Nc6 13. a3 Rac8 14. Re1 Na5 15. Qe2 Nc4 16. Nd1 Nxe3 17. Qxe3 Rfd8 18. c3 e5 19. fxe5 dxe5 20. Nf5 Bf8 21. Nf2 Be6 22. Red1 Bb3 23. Rxd8 Rxd8 24. Ng4 Nxg4 25. Bxg4 Qc5 26. Bf3 Qxe3 27. Nxe3 Rd2 28. Bd1 Rxb2 29. Bxb3 Rxb3 30. Nd5 Rxa3 31. h3 Ra4 32. Nc7 Rc4 33. Nxa6 b4 34. Rb1 bxc3 35. Rc1 c2 36. Kg1 Ba3 0-1